Lieder von Queen - Statistiken

Allgemein
  • Dieses Quiz wurde 129 mal gespielt
  • Das Durchschnittsergebnis liegt bei 6 aus 30
Antwortstatistiken
Textquiz Lieder % Korrekt
I am a satellite I'm out of control I am a sex machine ready to reload Like an atom bomb about to Oh oh oh oh oh explode Don't stop me now
84%
He's just a poor boy from a poor family Bohemian Rhapsody
67%
It's strange but it's true I can't get over the way you love me like you do But I have to be sure When I walk out that door I want to break free
67%
A built-in remedy for Khrushchev and Kennedy At anytime an invitation, you can't decline Caviar and cigarettes, well versed in etiquette Killer Queen
35%
There's no chance for us It's all decided for us This world has only one Sweet moment set aside for us Who wants to live Forever
29%
Are you happy, are you satisfied? How long can you stand the heat? Out of the doorway the bullets rip To the sound of the beat Another one bites the dust
27%
Every day - I try and I try and I try - But everybody wants to put me down They say I'm goin' crazy Somebody to love
27%
Those days are all gone now but one thing is true When I look and I find I still love you
These are the Days of our Lives
23%
Fat bottomed girls
They'll be riding today
So look out for those beauties oh yeah
Bicycle Race
21%
In the shadow of the mushroom cloud Convinced our voices can't be heard We just wanna scream it louder and louder louder Hammer to fall
21%
This could be heaven This could be heaven
Heaven for everyone
20%
t's so easy when you know the rules It's so easy, all you have to do is fall in love Play the game
13%
This flame that burns inside of me I'm hearing in secret harmonies A kind of magic
11%
It cries (like a baby) In a cradle all night It swings (woo woo) It jives (woo woo) Crazy little thing called love
11%
why did you have to leave me
why did you decieve me
you send me to the path of nevermore
when you say you didn't love me anymore
Nevermore
11%
Every drop of rain that falls in Sahara Desert says it all The Miracle
11%
Where will I be this time tomorrow? Jumped in joy or sinking in sorrow? Anyway, I should be doing all right Doing All Right
10%
Don't do it don't you try it baby Don't do that don't don't don't Don't do that Don't try suicide
10%
What're doing tonight hey boy? Set my alarm turn on my charm Good Old-Fashioned Lover Boy
10%
All going down to see the Lord Jesus All going down to see the Lord Jesus Jesus
10%
Come tonight Come to the ogre site Come to the ogre – battle – fight Ogre battle
10%
Ooh, ooh, pain is so close to pleasure, oh yeah Sunshine and rainy weather go hand in hand together all your life Pain is so close to pleasure
10%
Sail across the sea Maybe you'll find somebody To love you half as much as me My heart is always with you No matter what you do Sail away sweet sister I'll always be in love with you Sail away sweet sister
10%
Funny how love is everywhere just look and see Funny how love is anywhere you're bound to be Funny how love is every song in every key Funny how love is coming home in time for tea Funny how love is
9%
You're missing that one final screw You're simply not in the pink my dear To be honest you haven't got a clue I'm going slightly mad
9%
Hey listen here Now your mortgages and homes I got stiffness in the bones Fat bottomed girls
7%
Is better that a lifetime alone One sentimental moment in your arms Is like a shooting star right through my heart It's always a rainy day without you I'm a prisoner of love inside you I'm falling apart all around you And all I can do is surrender One year of Love
7%
Hey hey hey hey it was the D.N.A. Hey hey hey hey that made me this way Do you know do you know do you know just how I feel? Do you know do you know do you know just how I feel? Sheer heart attack
7%
You and I can play ball baby
You and me got staying power, yeah
You and me we got staying power
Staying Power
7%
A soul for sale or rent I have no heart, I'm cold inside I have no real intent Save me
3%
Keine übereinstimmenden Quizze gefunden
Verteilung der Resultate
Anzahl Personen mit jedem Resultat
Perzentil nach korrekt beantworteten Fragen
Ihre Resultats-Entwicklung
Sie haben dieses Quiz noch nicht gespielt